00473nam a2200145 i 4500001000700000003000900007005001700016007000300033008004100036100002800077245009800105260008100203300002000284852002300304150220ES-MaACL20230906203427.0t|071029s1902 ec ||||1| spa d1 aVacas Galindo, Enrique.10aColección de documentos sobre límites ecuatoriano-peruanos / cpor Enrique Vacas Galindo. aQuito (Ecuador) : b[s.n.], c1902 (fTip. de la Escuela de Artes y Oficios) a2 v. ; c28 cm. aES-MaACLjG-6548-9